Al sur del ayer
Saved in:
| Hovedforfatter: | |
|---|---|
| Format: | Bog |
| Sprog: | spansk |
| Udgivet: |
Santiago
Nascimento
1978
|
| Fag: | |
| Tags: |
Tilføj Tag
Ingen Tags, Vær først til at tagge denne postø!
|
MARC
| LEADER | 00000nam a2200000 a 4500 | ||
|---|---|---|---|
| 001 | UCM6356 | ||
| 003 | CL-VaPUC | ||
| 008 | 021108e19780000CL |||||||||||||||||spa|d | ||
| 082 | 0 | 4 | |a Ch861 |b GON |2 21 |
| 100 | |a González-Urízar, Fernando |e author |9 475223 | ||
| 245 | 1 | 0 | |a Al sur del ayer |
| 300 | |a 334 p | ||
| 942 | |c BK | ||
| 945 | |d 20021108 00:00:00 |a vberengu | ||
| 260 | |a Santiago |b Nascimento |c 1978 | ||
| 500 | |a Al sur del ayer | ||
| 500 | |a Epístola o coloquio sombrío | ||
| 500 | |a Una paloma sola va conmigo | ||
| 500 | |a El anillo | ||
| 500 | |a Chillán, Chillán, tan lejos! | ||
| 500 | |a La noche inmóvil | ||
| 500 | |a Canción para la esposa | ||
| 500 | |a Primera elegía de lo solo | ||
| 500 | |a Segunda elegía de lo solo | ||
| 500 | |a Tercera elegía de lo solo | ||
| 500 | |a Autorretrato | ||
| 500 | |a Viejo paraíso del ayer | ||
| 500 | |a Verano y resplandor | ||
| 500 | |a La víspera | ||
| 500 | |a Treinta y seis años pesan en octubre | ||
| 500 | |a A flor de llamas | ||
| 500 | |a Uvas de marzo | ||
| 500 | |a Qué queda, Dios, qué queda! | ||
| 500 | |a Nunca y la lluvia | ||
| 500 | |a Francisca Urízar | ||
| 500 | |a Cara al cielo | ||
| 500 | |a Los dormidos | ||
| 500 | |a Llueve en el mar | ||
| 500 | |a Amiga, sola amiga | ||
| 500 | |a Regreso | ||
| 500 | |a El aromo | ||
| 500 | |a Barbalumbre | ||
| 500 | |a Brillo ciego | ||
| 500 | |a Rama de aire | ||
| 500 | |a La despensa | ||
| 500 | |a Carrusel | ||
| 500 | |a A la sin rumbo | ||
| 500 | |a Llanto por el hermano solo | ||
| 500 | |a Madrigal | ||
| 500 | |a Pavana | ||
| 500 | |a Cerca de ti | ||
| 500 | |a Viéndote callar | ||
| 500 | |a Agua de silencio | ||
| 500 | |a Salida del sueño | ||
| 500 | |a Alegría | ||
| 500 | |a Melancolía | ||
| 500 | |a Ven, amiga | ||
| 500 | |a Llamarada | ||
| 500 | |a Sólo tú y yo | ||
| 500 | |a Abeja sola | ||
| 500 | |a Sinfonía Cadisch | ||
| 500 | |a Cesarea | ||
| 500 | |a Lengua hebrea | ||
| 500 | |a Haiffa | ||
| 500 | |a San Juan de Acre | ||
| 500 | |a Safed | ||
| 500 | |a Galilea | ||
| 500 | |a Jerusalén | ||
| 500 | |a Aiyelet Hashajar | ||
| 500 | |a Monte Carmelo | ||
| 500 | |a Museo de Tel Aviv y Jaffo | ||
| 500 | |a Yemenita | ||
| 500 | |a Ramat Aviv | ||
| 500 | |a Adiós a Israel | ||
| 500 | |a Soy yo | ||
| 500 | |a La casa de Géminis | ||
| 500 | |a La casa | ||
| 500 | |a El comedor | ||
| 500 | |a Caracola | ||
| 500 | |a El padre | ||
| 500 | |a Abeja del ayer | ||
| 500 | |a El alba | ||
| 500 | |a Recreo de las diez | ||
| 500 | |a La salida | ||
| 500 | |a La vuelta | ||
| 500 | |a Almizcle | ||
| 500 | |a La noche | ||
| 500 | |a Un día sin salida | ||
| 500 | |a Lluvia | ||
| 500 | |a Quién eres tú | ||
| 500 | |a Ahora canta inmóvil el antiguo país | ||
| 500 | |a Me olvidarás tan dulcemente | ||
| 500 | |a Extiendes un dorado | ||
| 500 | |a Dame amor, dame olvido, dame tiempo | ||
| 500 | |a Hueles a fiebre y rosas | ||
| 500 | |a Las estaciones | ||
| 500 | |a Te pareces al mar cuando oscurece | ||
| 500 | |a Folletín | ||
| 500 | |a Ahora eres el mar | ||
| 500 | |a Con mis cinco sentidos | ||
| 500 | |a Alianza | ||
| 500 | |a Como la luz y el fuego vamos juntos | ||
| 500 | |a Tú y yo, mi amor, nosotros | ||
| 500 | |a Lejana | ||
| 500 | |a Lo que pasó, pasó | ||
| 500 | |a Canario fugaz | ||
| 500 | |a No sé si gira el aire o soy el aro | ||
| 500 | |a A dos voces | ||
| 500 | |a Dubrovnik, hermosísima! | ||
| 500 | |a Si preguntan por mi | ||
| 500 | |a Otoño de Moscú | ||
| 500 | |a El don oscuro | ||
| 500 | |a Teresa Eva María Rafinska | ||
| 500 | |a Los González-Urízar | ||
| 500 | |a Danza en el país de Li | ||
| 500 | |a Nan Ts-Kan, artesano | ||
| 500 | |a La casa de té en el bosque | ||
| 500 | |a Lo que mi lengua toca, lo que canta | ||
| 500 | |a Agua melancólica | ||
| 500 | |a Aquí yace la muerte | ||
| 500 | |a Qué somos Dios, qué somos! | ||
| 500 | |a El lago del Oeste | ||
| 650 | 0 | |a Poesías chilenas |9 265280 | |
| 650 | 0 | |a Literatura chilena |9 308278 | |
| 583 | |a last modification |c 20150924 21:40:24 |k Rodrigo Vera | ||
| 999 | |c 301767 |d 301765 | ||
| 952 | |0 0 |1 0 |4 0 |6 CH_861_000000000000000_GON_1978 |7 0 |8 A |9 361374 |a BIBEDU |b BIBEDU |d 2019-11-21 |i 3857964 |o Ch861 GON 1978 |p 3857964 |r 2019-11-21 |w 2019-11-21 |y BK |k BME | ||